Statistics for First Names Quiz

Click here to take the quiz!

General Stats

  • This quiz has been taken 47 times
  • The average score is 23 of 35

Answer Stats

HintAnswer% Correct
ChurchillWinston
100%
TrumpDonald
97%
DickensCharles
95%
HitlerAdolf
92%
ObamaBarack
92%
WashingtonGeorge
92%
BidenJoe
92%
van BeethovenLudwig
92%
TwainMark
92%
DisneyWalt
92%
BowieDavid
89%
ArmstrongNeil / Louis
89%
CaponeAl
87%
NewtonIsaac
87%
DarwinCharles
84%
PoloMarco
84%
PicassoPablo
84%
FranklinBenjamin
74%
AdamsJohn
74%
FedererRoger
74%
KhanGenghis / Kublai
71%
BolívarSimón
68%
MozartWolfgang
63%
ShelleyMary / Percy
58%
GandhiMohandas / Indira
58%
WrightOrville / Wilbur
55%
ChamberlainNeville
50%
WordsworthWilliam
42%
GalileoGalilei
32%
GarfieldAndrew
21%
BrunelIsambard
18%
CopernicusNicolaus
16%
SilvaAnderson
11%
StephensonGeorge
11%
GlyndŵrOwain
3%

Score Distribution

Percentile by Number Answered

Percent of People with Each Score

Your Score History

You have not taken this quiz